Sound images of the ocean in research and monitoring

Αποθηκεύτηκε σε:
Λεπτομέρειες βιβλιογραφικής εγγραφής
Κύριος συγγραφέας: Wille, Peter C.
Μορφή: Βιβλίο
Γλώσσα:English
Δημοσίευση: Berlin : Springer, c2005
Θέματα:
Ετικέτες: Προσθήκη ετικέτας
Δεν υπάρχουν, Καταχωρήστε ετικέτα πρώτοι!

MARC

LEADER 00000nam a2200000 i 4500
001 1/91974
008 080818s2005 eng d
020 |a 978-3-540-24122-5 
020 |a 3-540-24122-1 
035 |l 10099426 
040 |a GR-MY-UA  |b gre  |e aacr 
041 0 |a eng 
082 0 |a 551.468  |2 (22) 
100 1 |a Wille, Peter C. 
245 1 0 |a Sound images of the ocean in research and monitoring /  |c Peter C. Wille ; with contributions of more than 120 sound image authors and marine experts of 22 countries 
260 |a Berlin :   |b Springer,   |c c2005 
300 |a xli, 471 σ.;  |b εικ. (μερ. έγχρ.), χάρτες (μερ. έγχρ.);  |c 25 εκ.+  |e 1 οπτική δισκέτα λέϊζερ Η/Υ (4 3/4 ίν.) 
504 |a Περιέχει βιβλιογραφικές παραπομπές και ευρετήριο 
650 0 0 |a Ocean bottom. 
650 0 0 |a Echo sounding. 
650 0 0 |a Ocean tomography. 
650 0 0 |a Underwater acoustics. 
852 |a INST  |b LESVOS  |e 20080818  |h 551.468 WIL  |p 005100041981  |q 005100041981  |t BK  |y 0 
852 |a INST  |b LESVOS  |e 20081212  |h 551.468 WIL  |p 005100043663  |q 005100043663  |t BK  |y 0 
852 |a INST  |b LESVOS  |e 20080818  |h 551.468 WIL   |p 005100041982  |q 005100041982  |t BK  |y 0 
852 |a INST  |b LESVOS  |e 20081212  |h 551.468 WIL   |p 005100043664  |q 005100043664  |t BK  |y 0 
901 |a BIBL1-2008-2 
901 |a BIBL1-2008-3 
909 |a Λ  |b 143516 
909 |a Λ  |b 143517 
909 |a Λ  |b 157513 
909 |a Λ  |b 157514 
920 |a ΕΠΕΑΕΚ ΠΜΣ ΔΙΑΧΕΙΡΙΣΗ ΠΑΡΑΚΤΙΩΝ ΠΕΡΙΟΧΩΝ  |y ΛΕΣΒΟΣ  |z 2008-12 
922 |a 1ΕΛΗ  |b 200712  |c ΕΠΕΑΕΚ2/ΤΕΘ  |d ΕΛΕΥΘΕΡΟΥΔΑΚΗΣ 
970 |a ΚΑΡΑ  |b ΓΙΑΣΕΜΗ  |z 2008/08/18